| 000 | 01926nam a2200265Ia 4500 | ||
|---|---|---|---|
| 005 | 20240118160302.0 | ||
| 008 | 130821n fr fr 1 e fre | ||
| 040 |
_aCo-BoUCM _bspa _cSandra Yazo _dSandra Yazo |
||
| 041 | 0 | _afre | |
| 082 | 0 | 4 |
_a844 _220 |
| 092 | _aE52N133 | ||
| 100 | 1 |
_aBárres, Maurice _d1862-1923 _993939 |
|
| 242 | 0 | 4 |
_aLos Desarraigados. _cLos Desarraigados. Por Mauricio Barrès. _nLa novela de la fuerza nacional _yspa |
| 245 | 1 | 4 |
_aLes Déracinés. _cPar Maurice Barrès. _bLe roman de l’énergie nationale |
| 260 |
_aParís (Francia) _bLibrairie Plon ; Plon-Nourrit et Cie., Imprimeurs-Éditeurs [Librería Plon ; Plon-Nourrit y Compañía, impresores-editores] _c[fecha desconocida] |
||
| 300 |
_a552, [1] páginas _c18 x 11 cm. |
||
| 500 | _aDetalles físicos: Sin encuadernación original, actualmente, encuadernación rígida (holandesa) en cartón forrado en papel jaspeado. Lomo de tela, con letras y líneas decorativas en dorado. Guardas. Anteportada. Portada impresa en una sola tinta, con grabado (marca tipográfica de Plon). Páginas 1-2, pegadas y algo rasgadas. Texto impreso en una sola columna, con diferentes tipos y tamaños de letra. Papel ordinario. Índice. Papel manchado de amarillo. | ||
| 505 | 0 | _aEl liceo de Nancy ; Instalación en París ; Las mujeres de Francisco Sturel ; Proletariado de bachilleres y de niñas ; El árbol de M. Taine ; En la tumba de Napoleón ; Francia separada y descabezada ; La verdadera república ; Un año de luchas ; Quince días de crisis ; El misterioso asunto Billancourt ; Perplejidades de Francisco Sturel ; Virtud social de un cadáver ; Desmembrado y decapitado | |
| 506 | _aConsulta en sala | ||
| 546 | _aTexto en francés | ||
| 650 | 7 |
_aLiteratura francesa _ySiglos XIX-XX _97794 |
|
| 650 | 7 |
_aEnsayos franceses _xPolítica _929867 |
|
| 690 |
_aLiteratura europea _926524 |
||
| 942 |
_cLIBRO _a18 _e1 _2LOCAL _hE52N133 |
||
| 999 |
_c323766 _d323766 |
||